| 000 | 00485nam a2200193Ia 4500 | ||
|---|---|---|---|
| 008 | 180207s9999 xx 000 0 und d | ||
| 020 | _a9780545317641 | ||
| 050 | _bK298 2007 | ||
| 100 | _aKelly Mij | ||
| 245 | _aAchoo! : | ||
| 245 | _bgood manners for animals (and children) / | ||
| 245 | _cby Mij Kelly and Mary McQuillan. | ||
| 260 | _aNew York : | ||
| 260 | _bScholastic, | ||
| 260 | _c2007 | ||
| 300 | _aunpaged : | ||
| 300 | _bcolor illustration ; | ||
| 300 | _c21cm. | ||
| 999 |
_c355680 _d355680 |
||